Gah tamsem / (Record no. 6485)

MARC details
000 -LEADER
fixed length control field 00468nam a22001697a 4500
003 - CONTROL NUMBER IDENTIFIER
control field GBCCL
005 - DATE AND TIME OF LATEST TRANSACTION
control field 20241126110604.0
008 - FIXED-LENGTH DATA ELEMENTS--GENERAL INFORMATION
fixed length control field 180516b ||||| |||| 00| 0 eng d
040 ## - CATALOGING SOURCE
Transcribing agency gbc
082 ## - DEWEY DECIMAL CLASSIFICATION NUMBER
Classification number VER 248.5
Item number GIN
100 ## - MAIN ENTRY--PERSONAL NAME
Personal name Ginneithang, B.
9 (RLIN) 11611
245 ## - TITLE STATEMENT
Title Gah tamsem /
Statement of responsibility, etc. B. Ginneithang
260 ## - PUBLICATION, DISTRIBUTION, ETC.
Name of publisher, distributor, etc. Evangelical Convention Church,
Place of publication, distribution, etc. Churachandpur:
Date of publication, distribution, etc. 1981
300 ## - PHYSICAL DESCRIPTION
Extent 112 p.;
Dimensions 18 cm.
650 ## - SUBJECT ADDED ENTRY--TOPICAL TERM
Topical term or geographic name entry element Witness bearing
General subdivision Christian life
9 (RLIN) 11612
942 ## - ADDED ENTRY ELEMENTS (KOHA)
Source of classification or shelving scheme Dewey Decimal Classification
Koha item type Books
Holdings
Withdrawn status Lost status Source of classification or shelving scheme Damaged status Not for loan Collection Home library Current Library Shelving location Date acquired Total checkouts Full call number Barcode Date last seen Copy number Price effective from Koha item type
    Dewey Decimal Classification       GRACE BIBLE COLLEGE GRACE BIBLE COLLEGE Vernacular 2018-05-16   VER 248.5 GIN 011988 2025-05-06 c.1 2018-05-16 Books
    Dewey Decimal Classification       GRACE BIBLE COLLEGE GRACE BIBLE COLLEGE Vernacular 2018-05-16   VER 248.5 GIN 011989 2025-05-01 c.2 2018-05-16 Books
    Dewey Decimal Classification       GRACE BIBLE COLLEGE GRACE BIBLE COLLEGE Vernacular 2018-05-16   VER 248.5 GIN 011990 2025-05-01 c.3 2018-05-16 Books
    Dewey Decimal Classification       GRACE BIBLE COLLEGE GRACE BIBLE COLLEGE Vernacular 2018-05-16   VER 248.5 GIN 012935 2025-05-06 c.6 2018-05-16 Books
    Dewey Decimal Classification       GRACE BIBLE COLLEGE GRACE BIBLE COLLEGE Vernacular 2018-07-23   VER 248.5 GIN 013460 2025-05-01 c.5 2018-07-23 Books
    Dewey Decimal Classification       GRACE BIBLE COLLEGE GRACE BIBLE COLLEGE Vernacular 2018-10-01   VER 248.5 GIN 004054 2025-05-01 c.4 2018-10-01 Books
© Grace Bible College Library 2025